Autobiografía

Guardat en:
Dades bibliogràfiques
Autor principal: Darwin Charles (Autor)
Format: Llibre
Idioma:espanyol
Publicat: Madrid Alianza 1993
Col·lecció:Alianza Cien, 12
Matèries:
Etiquetes: Afegir etiqueta
Sense etiquetes, Sigues el primer a etiquetar aquest registre!

MARC

LEADER 00000cam a2200000 a 4500
001 UCF3913
003 CL-VaPUC
008 121108e19930000SP |||||||||||||||||spa|d
020 |a 8420646121 
082 0 4 |a 920  |b DAR  |2 21 
100 |a Darwin Charles  |e author  |9 398 
245 1 0 |a Autobiografía 
300 |a 93 p 
942 |c BK 
945 |d 20121108 00:00:00  |a dcastane 
260 |a Madrid  |b Alianza  |c 1993 
650 0 |a Biografías  |9 255210 
650 0 |a Autobiografías   |9 265171 
583 |a last modification  |c 20121108 11:12:00  |k Rodrigo Vera 
490 0 |a Alianza Cien, 12 
999 |c 349954  |d 349952 
952 |0 0  |1 0  |4 0  |6 920_000000000000000_DAR_1993  |7 0  |8 C  |9 452850  |a BIBCUR  |b BIBCUR  |d 2019-11-22  |i 4795105  |o 920 DAR 1993  |p 4795105  |r 2025-04-22  |w 2019-11-22  |y BK  |k EXP